Arcade Lyrics - Statistics

General Stats
  • This quiz has been taken 17 times
  • The average score is 177 of 222
Answer Stats
Answer % Correct
A
100%
a
100%
all
100%
All
100%
I
100%
i
100%
is
100%
know
100%
oh
100%
game
91%
losing
91%
you
91%
arcade
82%
it
82%
loving
82%
big
73%
boy
73%
broken
73%
carry
73%
heart
73%
in
73%
love
73%
of
73%
on
73%
small
73%
the
73%
to
73%
town
73%
when
73%
addicted
64%
carried
64%
cracks
64%
fore
64%
got
64%
home
64%
left
64%
lost
64%
me
64%
my
64%
pieces
64%
saved
64%
spent
64%
that
64%
afraid
55%
always
55%
am
55%
couple
55%
fixing
55%
im
55%
ive
55%
land
55%
like
55%
mind
55%
please
55%
still
55%
we
55%
were
55%
feels
45%
get
45%
head
45%
how
45%
inside
45%
ringing
45%
silence
45%
this
45%
dont
36%
end
36%
many
36%
need
36%
off
36%
pennies
36%
rollercoaster
36%
slot
36%
up
36%
begun
27%
foriegn
27%
games
27%
over
27%
take
27%
your
27%
didn't
18%
giving
18%
loosing
18%
lot
18%
saw
18%
us
18%
No matching quizzes found
Score Distribution
Percent of People with Each Score
Percentile by Number Answered
Your Score History
You have not taken this quiz